000 00840cam a22002411 4500
001 l 50000111
003 DLC
005 20260227111542.0
008 780826s1950 xx 000 0 eng c
010 _al 50000111
035 _a(OCoLC)4170733
040 _aU.S. Dept. of Labor
_cOAk
_dDLC
042 _apremarc
050 0 0 _aHD6093
_b.A35 no. 236
082 _a396.5
100 1 _aVan Schaick, Frances L.
245 1 0 _aWomen in higher-level positions,
_ba survey of women in positions of responsibility in selected fields of business and industry and in specified areas.
260 _a[Washington,
_bU.S. Govt. Print. Off.,
_c1950]
300 _aiv, 86 p.
_billus., forms.
_c23 cm.
490 0 _aBulletin of the Women's Bureau,
_vno. 236
650 0 _aWomen
_xEmployment
_zUnited States.
710 1 _aUnited States.
_bWomen's Bureau.
999 _c36698
_d36698